000
00211 a2200097 4500
001
53092
100
_a
Cube H L V
245
_a
Heat Pump Technology
260
_a
London
_b
Butterworth
_c
090
_c
33379
_d
33379
942
_a
NUST-CAE
_c
M
_c
25979
999
_c
288165
_d
288165